000 00468nam a2200193Ia 4500
005 20240823042150.0
008 240823s9999||||xx |||||||||||||| ||und||
020 _a81-7008-926-3
041 _aENGLISH
082 _A621.319 P6
100 _aRajput R K
245 0 _aUtilisation of Electric Power
250 _a1st
260 _c2006
_bLaxmi Publication (P)
_aNew Delhi
500 _aTRANSFERED
650 _aPower
_bElectrical
942 _cBK
999 _c207226
_d207226